Chyby pri zdaňovaní príjmov študentov

Vysvetlenie niektorých nejasností, ktoré sa vyskytujú pri zdaňovaní príjmov študentov. Posudzovanie študenta ako daňovníka - t.j. fyzickej osoby, ktorá sa posudzuje na daňové účely rovnako. Ukážky výpočtu správnej daňovej povinnosti na konkrétnych prípadoch.

Gespeichert in:
Bibliographische Detailangaben
1. Verfasser: Piršelová, Dagmar
Format: Buchkapitel
Sprache:Slowakisch
Schlagworte:
Tags: Tag hinzufügen
Keine Tags, Fügen Sie das erste Tag hinzu!

MARC

LEADER 00000naa a2200000 4500
001 r032904
005 20230912112705.9
041 0 |a slo 
044 |a SK 
245 1 0 |a Chyby pri zdaňovaní príjmov študentov  |c Dagmar Piršelová 
520 |a Vysvetlenie niektorých nejasností, ktoré sa vyskytujú pri zdaňovaní príjmov študentov. Posudzovanie študenta ako daňovníka - t.j. fyzickej osoby, ktorá sa posudzuje na daňové účely rovnako. Ukážky výpočtu správnej daňovej povinnosti na konkrétnych prípadoch. 
610 2 0 |a dane z príjmov 
610 2 0 |a študenti 
610 2 0 |a daňovníci 
610 2 0 |a príjmy 
610 2 0 |a zdaňovanie 
610 2 0 |a povinnosť daňová 
100 1 |a Piršelová, Dagmar